Catálogo
 En Linea

Tales of the spring rain : (Registro nro. 16882)

Detalles MARC
000 -CABECERA
campo de control de longitud fija 00980cam a2200265 a 4500
001 - NÚMERO DE CONTROL
campo de control 000017357
005 - FECHA Y HORA DE LA ÚLTIMA TRANSACCIÓN
campo de control 20200929165106.0
008 - DATOS DE LONGITUD FIJA--INFORMACIÓN GENERAL
campo de control de longitud fija 760304s1975 ja b 000 1 eng d
020 ## - NÚMERO INTERNACIONAL ESTÁNDAR DEL LIBRO
Número Internacional Estándar del Libro 0860082512
040 ## - FUENTE DE LA CATALOGACIÓN
Centro catalogador/agencia de origen DO-SdBNP
Centro/agencia transcriptor DLC
Centro/agencia modificador DLC
-- BNPHU
041 17 - CÓDIGO DE LENGUA
Código de lengua del texto/banda sonora o título independiente eng
Código de lengua original jpn
Fuente del código Código de idioma MARC
082 ## - NÚMERO DE LA CLASIFICACIÓN DECIMAL DEWEY
Número de clasificación nnnn
Número de documento/Ítem U22t
049 ## - FONDOS LOCALES (OCLC)
Fondos de biblioteca BNGR
100 1# - ENTRADA PRINCIPAL--NOMBRE DE PERSONA
Nombre de persona Ueda Akinari,
Fechas asociadas al nombre 1734-1809.
9 (RLIN) 38011
240 10 - TÍTULO UNIFORME
Título uniforme Harusame monogatari.
Lenguaje de la obra English
245 10 - MENCIÓN DE TÍTULO
Título Tales of the spring rain :
Resto del título Harusame monogatari /
Mención de responsabilidad, etc. Ueda Akinari ; translated and with an introd. by Barry Jackman.
260 ## - PUBLICACIÓN, DISTRIBUCIÓN, ETC.
Lugar de publicación, distribución, etc. Tokyo :
Nombre del editor, distribuidor, etc. University of Tokyo,
Fecha de publicación, distribución, etc. 1975.
300 ## - DESCRIPCIÓN FÍSICA
Extensión xxxiii, 249 p. ;
Dimensiones 23 cm.
504 ## - NOTA DE BIBLIOGRAFÍA, ETC.
Nota de bibliografía, etc. Bibliography: p. 241-249.
534 ## - NOTA SOBRE LA VERSIÓN ORIGINAL
Frase introductoria Traslated from the japanes original :
Mención de título del original Harusame monogatari.
504 ## - NOTA DE BIBLIOGRAFÍA, ETC.
Nota de bibliografía, etc. Includes notes and references at the foot of the page
651 #0 - PUNTO DE ACCESO ADICIONAL DE MATERIA--NOMBRE GEOGRÁFICO
Nombre geográfico Japan
Subdivisión general Social Life And Customs
Subdivisión de forma Fiction.
9 (RLIN) 38012
700 1# - PUNTO DE ACCESO ADICIONAL--NOMBRE DE PERSONA
Nombre de persona Jackman, Barry,
Término indicativo de función/relación tr.
9 (RLIN) 38013
910 ## - DATOS DE OPCIÓN DEL USUARIO (OCLC)
Datos de opción del usuario Catalogación derivada
Existencias
Estado de retiro Estado de pérdida Restricciones de uso No para préstamo Código de colección Localización permanente Ubicación/localización actual Ubicación en estantería Fecha de adquisición Número de inventario Total de préstamos Signatura topográfica completa Código de barras Fecha visto por última vez Número de copia Precio válido a partir de Tipo de ítem Koha
    Préstamo restringido Préstamo restrigido Monografías: Libros y Folletos General General En catalogación 23.03.2010 LF1   nnnn U22t 17357-10 25.06.2020 e. 1 25.06.2020 No se presta

Con tecnología Koha